Movies Quiz

Random Movies or Clickable Quiz

This Movie Is Not Suitable for Children III Quiz Stats

 Plays Quiz Updated Jul 20, 2018

Challenge
Share
Tweet
Embed
Score 0/22 Timer 05:00
7 Plays Today
% Correct
Braveheart
90%
Avatar
89.8%
Moulin Rouge!
86.4%
Star Trek (2009)
84.9%
The Ten Commandments
84.6%
The Texas Chain Saw Massacre
84.5%
Tropic Thunder
83.1%
Dumbo
79.6%
Harry Potter and the Deathly Hallows: Part 2
77.7%
Deadpool
77.3%
The Sound of Music
76.1%
% Correct
Anchorman: The Legend of Ron Burgundy
68.4%
The Dark Knight
65.9%
WALL-E
65.3%
My Fair Lady
63%
Mary Poppins
56.5%
Metropolis
48.6%
Inception
46.2%
The Queen
32.7%
Chicken Run
31%
It's a Wonderful Life
27.5%
Lady and the Tramp
25.5%

You're not logged in!

Compare scores with friends on all Sporcle quizzes.
Join for Free
OR
Log In

You Might Also Like...

Show Comments

Extras

Top Quizzes Today


Score Distribution

Your Account Isn't Verified!

In order to create a playlist on Sporcle, you need to verify the email address you used during registration. Go to your Sporcle Settings to finish the process.

Report this User

Report this user for behavior that violates our Community Guidelines.

Details: